Sistema WEB de solicitud de trámites académicos para la Facultad de Electrotecnia y Computación FEC.

Presenta una propuesta y desarrollo de un sistema WEB de gestión y seguimiento de trámites académicos internos en la Facultad de Electrotecnia y Computación FEC. Esta herramienta de tecnología permite que los procedimientos manuales actuales en este proceso sean reemplazados por procedimientos...

Full description

Bibliographic Details
Main Author: Boza Saldívar, Marcos Antonio
Other Authors: Tutor: Flores Quintana, Gloria Thalía
Format: Tesis Section = Libro
Language:Undetermined
Spanish
Published: Managua UNI 2015
Subjects:
LEADER 01443nam a2200253Ia 4500
008 240830s9999 xx 000 0 und d
040 |a BIBLIOTECA-RUSB/ Mon 005.758 B793 
041 |a spa 
082 |a Mon 005.758 B793 
100 1 |a Boza Saldívar, Marcos Antonio 
245 1 0 |a Sistema WEB de solicitud de trámites académicos para la Facultad de Electrotecnia y Computación FEC. 
260 |a Managua  |b UNI  |c 2015 
300 |a 114 p. :il. 
500 |a Contiene: anexos e Incluye: CD. 
502 |a Tesis (Ingeniero en Computación) - UNI, 2015. 
520 3 |a Presenta una propuesta y desarrollo de un sistema WEB de gestión y seguimiento de trámites académicos internos en la Facultad de Electrotecnia y Computación FEC. Esta herramienta de tecnología permite que los procedimientos manuales actuales en este proceso sean reemplazados por procedimientos automatizados contribuyendo a mejorar los tiempos de respuestas en las gestiones y a tener a disposición más opciones para realizar una gestión académica (Online, presencial y transacción bancaria) además de un mejor control en las solicitudes para el personal administrativo. 
650 7 |a BASES DE DATOS 
650 7 |b  PROGRAMA PARA COMPUTADOR 
650 7 |c  ADMINISTRACION Y GESTION DE DATOS ELECTRONICOS 
650 7 |d  DISEÑOS DE PAGINAS WEB 
700 1 |a Tutor:  |b Flores Quintana, Gloria Thalía 
942 |c BK  |2 ddc 
991 |a TESIS 
999 |c 19842